| 000 | 00600nam a22002057a 4500 | ||
|---|---|---|---|
| 003 | OSt | ||
| 005 | 20140310182924.0 | ||
| 008 | 130129t xxu||||| |||| 00| 0 eng d | ||
| 020 | _a9710869892 | ||
| 050 |
_aB5222 _b.G868 2009 |
||
| 082 |
_aFIL 199.599 _bG868 2009 |
||
| 245 |
_aThe making of a Filipino philosopher and other essays _cGripaldo, Rolando M. ; foreword , Daniel Kroger |
||
| 260 |
_aMandaluyong City : _bNational Book Store, _c2009. |
||
| 300 |
_axii, 119 p. _c23 cm. |
||
| 521 | _aCollege | ||
| 526 | _c1210L-1700L | ||
| 541 | _j1 | ||
| 562 | _e1 | ||
| 942 |
_2lcc _cBK _kFIL |
||
| 999 |
_c17381 _d17381 |
||